Astronomia / (Record no. 92998)
[ view plain ]
| 000 -LEADER | |
|---|---|
| campo de control de longitud fija | 00636nam a2200217 i 4500 |
| 001 - NÚMERO DE CONTROL | |
| campo de control | 92998 |
| 003 - IDENTIFICADOR DE NÚMERO DE CONTROL | |
| campo de control | ES-MaACL |
| 005 - FECHA Y HORA DE LA ÚLTIMA TRANSACCIÓN | |
| campo de control | 20230906181114.0 |
| 007 - CAMPO FIJO DE DESCRIPCIÓN FÍSICA--INFORMACIÓN GENERAL | |
| campo de control de longitud fija | t| |
| 008 - DATOS DE LONGITUD FIJA--INFORMACIÓN GENERAL | |
| campo de control de longitud fija | 050406s1904 it ||||1| ita d |
| 100 1# - ENTRADA PRINCIPAL--NOMBRE DE PERSONA | |
| Nombre de persona | Lockyer, Norman. |
| 9 (RLIN) | 73062 |
| 245 10 - MENCIÓN DEL TÍTULO | |
| Título | Astronomia / |
| Mención de responsabilidad, etc. | di Norman Lockyer; nuova versione libera con note ed aggiunte di Giovanni Celoria. |
| 250 ## - MENCION DE EDICION | |
| Mención de edición | 5ª ed. |
| 260 ## - PUBLICACIÓN, DISTRIBUCIÓN, ETC. | |
| Lugar de publicación, distribución, etc. | Milano : |
| Nombre del editor, distribuidor, etc. | [s.n.], |
| Fecha de publicación, distribución, etc. | 1904 ( |
| Fabricante | Belluzaqui) |
| 300 ## - DESCRIPCIÓN FÍSICA | |
| Extensión | XVI, 255 p. ; |
| Dimensiones | 15 cm. |
| 490 1# - MENCIÓN DE SERIE | |
| Mención de serie | Manuali Hoepli |
| 700 1# - ENTRADA AGREGADA--NOMBRE PERSONAL | |
| Nombre de persona | Celoria, Giovanni. |
| 9 (RLIN) | 37379 |
| 830 0# - PUNTO DE ACCESO ADICIONAL DE SERIE-TÍTULO UNIFORME | |
| Título uniforme | Manuali Hoepli |
| 9 (RLIN) | 180782 |
| 852 ## - LOCALIZACIÓN | |
| Ubicación | ES-MaACL |
| Número de control de estantería | D-3584 |
| Estatus retirado | Estado de pérdida | Estado de daño | No para préstamo | Biblioteca de origen | Biblioteca actual | Ubicación en estantería | Fecha de adquisición | Fuente de adquisición | Total de préstamos | Signatura topográfica completa | Código de barras | Visto por última vez | Precio de reemplazo | Tipo de ítem Koha |
|---|---|---|---|---|---|---|---|---|---|---|---|---|---|---|
| Biblioteca del Ateneo de Madrid | Biblioteca del Ateneo de Madrid | Sala Valle Inclán | 17/01/2008 | D-3584 | 901097081 | 23/02/2023 | 23/02/2023 | Libro impreso |
